| 000 | 01041nam a2200349 a 4500 | ||
|---|---|---|---|
| 999 |
_c11514 _d11514 |
||
| 001 | 11514 | ||
| 003 | BD-JhCC | ||
| 005 | 20220519134021.0 | ||
| 008 | 181110r20102009enk j 000 f eng|d | ||
| 015 |
_aGBA9B0733 _2bnb |
||
| 016 | 7 |
_a015421050 _2Uk |
|
| 020 |
_a9780141321288 (pbk.) : _c£6.99 |
||
| 020 |
_a0141321288 (pbk.) : _c£6.99 |
||
| 035 | _a(BD-JhCC)11514 | ||
| 040 |
_aStDuBDS _beng _cStDuBDS _dUk _dBD-JhCC |
||
| 042 | _aukblsr | ||
| 082 | 0 | 4 |
_a813.6 _222 _bRIO 2010 |
| 100 | 1 | _aRiordan, Rick. | |
| 245 | 1 | 0 |
_aPercy Jackson and the last Olympian / _cRick Riordan. |
| 260 |
_aLondon : _bPuffin, _c2010. |
||
| 300 |
_a360 p. ; _c20 cm. |
||
| 336 |
_atext _2rdacontent |
||
| 337 |
_aunmediated _2rdamedia |
||
| 338 |
_avolume _2rdacarrier |
||
| 500 | _aOriginally published: 2009. | ||
| 500 |
_aFormerly CIP. _5Uk |
||
| 650 | 0 |
_aJackson, Percy (Fictitious character) _vJuvenile fiction. |
|
| 650 | 0 |
_aGods, Greek _vJuvenile fiction. |
|
| 655 | 0 | _aFantasy fiction. | |
| 655 | 0 | _aChildren's stories. | |
| 942 |
_2ddc _cBK _04 |
||